All Towns in Slovenia - Statistics

General Stats
  • This quiz has been taken 925 times
    675 since last reset
  • The average score is 36 of 69
Answer Stats
Answer % Correct
Ljubljana
95%
Maribor
93%
Celje
89%
Koper
89%
Kranj
89%
Novo mesto
84%
Piran
82%
Murska Sobota
80%
Ptuj
79%
Bled
72%
Nova Gorica
72%
Jesenice
71%
Velenje
71%
Izola
70%
Postojna
70%
Domžale
68%
Ajdovščina
67%
Kamnik
65%
Krško
64%
Lendava
61%
Trbovlje
60%
Slovenj Gradec
59%
Ilirska Bistrica
56%
Kočevje
56%
Slovenska Bistrica
53%
Tolmin
53%
Vrhnika
53%
Črnomelj
52%
Idrija
52%
Grosuplje
51%
Bovec
50%
Brežice
50%
Logatec
50%
Škofja Loka
50%
Litija
49%
Metlika
49%
Sežana
49%
Laško
48%
Žalec
48%
Slovenske Konjice
46%
Ormož
45%
Ljutomer
44%
Dravograd
43%
Hrastnik
43%
Radovljica
43%
Rogaška Slatina
42%
Cerknica
41%
Gornja Radgona
41%
Ribnica
41%
Sevnica
41%
Trebnje
41%
Zagorje ob Savi
41%
Žiri
41%
Medvode
39%
Ravne na Koroškem
38%
Mengeš
36%
Tržič
36%
Šoštanj
35%
Šentjur
34%
Železniki
34%
Lenart
33%
Ruše
30%
Šempeter pri Gorici
28%
Zreče
25%
Radeče
24%
Kostanjevica na Krki
23%
Mežica
22%
Prevalje
22%
Višnja Gora
22%
No matching quizzes found
Score Distribution
Percent of People with Each Score
Percentile by Number Answered
Your Score History
You have not taken this quiz since the last reset